Effective use of mobile technology of WhatsApp on learners conceptual understanding and problem-solving skills in Thermal physics: a case of grade 11 pupils at Mufulira secondary school (Record no. 84018)
[ view plain ]
| 000 -LEADER | |
|---|---|
| fixed length control field | 00948 a2200253 4500 |
| 003 - CONTROL NUMBER IDENTIFIER | |
| control field | CBULib |
| 005 - DATE AND TIME OF LATEST TRANSACTION | |
| control field | 20240117145857.0 |
| 008 - FIXED-LENGTH DATA ELEMENTS--GENERAL INFORMATION | |
| fixed length control field | 240117b |||||||| |||| 00| 0 eng d |
| 040 ## - CATALOGING SOURCE | |
| Language of cataloging | English |
| Transcribing agency | CBULib |
| Description conventions | rda |
| 041 ## - LANGUAGE CODE | |
| Language code of text/sound track or separate title | eng |
| 050 ## - LIBRARY OF CONGRESS CALL NUMBER | |
| Classification number | CBU-PG THESIS/KAS |
| 100 ## - MAIN ENTRY--PERSONAL NAME | |
| Personal name | Kasala, Phineas |
| 9 (RLIN) | 1684 |
| 245 ## - TITLE STATEMENT | |
| Title | Effective use of mobile technology of WhatsApp on learners conceptual understanding and problem-solving skills in Thermal physics: a case of grade 11 pupils at Mufulira secondary school |
| Statement of responsibility, etc | / by Phineas Kasala |
| 260 ## - PUBLICATION, DISTRIBUTION, ETC. (IMPRINT) | |
| Name of publisher, distributor, etc | Copperbelt University |
| Date of publication, distribution, etc | 2021 |
| Place of publication, distribution, etc | Kitwe |
| 300 ## - PHYSICAL DESCRIPTION | |
| Extent | ix, 70 pages : colour illustrations |
| 336 ## - CONTENT TYPE | |
| Source | rdacontent |
| Content type term | Text | |
| Content type code | txt |
| 337 ## - MEDIA TYPE | |
| Source | rdamedia |
| Media type term | Unmediated | |
| Media type code | n |
| 338 ## - CARRIER TYPE | |
| Source | rdacarrier |
| Carrier type term | Volume |
| Carrier type code | nc |
| 500 ## - GENERAL NOTE | |
| General note | Includes bibliographical references and appendices |
| 650 #0 - SUBJECT ADDED ENTRY--TOPICAL TERM | |
| 9 (RLIN) | 1685 |
| Topical term or geographic name as entry element | MOBILE TECHNOLOGY |
| 650 #0 - SUBJECT ADDED ENTRY--TOPICAL TERM | |
| 9 (RLIN) | 1686 |
| Topical term or geographic name as entry element | THERMAL PHYSICS |
| 650 #0 - SUBJECT ADDED ENTRY--TOPICAL TERM | |
| 9 (RLIN) | 1687 |
| Topical term or geographic name as entry element | PROBLEM SOLVING SKILLS |
| 942 ## - ADDED ENTRY ELEMENTS (KOHA) | |
| Source of classification or shelving scheme | |
| Koha item type | UNIVERSITY COLLECTION |
| Withdrawn status | Lost status | Source of classification or shelving scheme | Damaged status | Not for loan | Collection code | Permanent Location | Current Location | Shelving location | Date acquired | Source of acquisition | Total Checkouts | Full call number | Barcode | Date last seen | Price effective from | Koha item type |
|---|---|---|---|---|---|---|---|---|---|---|---|---|---|---|---|---|
| Special Collections | CBU-MAIN LIBRARY, KITWE. | SPECIAL COLLECTIONS | Special Collections | 01/16/2024 | DEP-CBU | CBU-PG THESIS/KAS | B 84018 | 01/17/2024 | 01/17/2024 | UNIVERSITY COLLECTION |